000 00284nam a2200133Ia 4500
100 _aLomba/N /Paul
942 _cBK
654 _aProgramming
245 _aLinear Programming
260 _bTata Mc Graw hill
_aNEWYORK
_c1964
082 _a519.72
300 _a284
546 _aENGLISH
999 _c30933
_d30933